The Lisbon stock exchange in the twentieth century (Record no. 53722)
[ view plain ]
| 000 -LEADER | |
|---|---|
| fixed length control field | 02276nam a2200265Ia 4500 |
| 000 - LEADER | |
| fixed length control field | 02442naaa 00265uu |
| 001 - CONTROL NUMBER | |
| control field | https://directory.doabooks.org/handle/20.500.12854/51814 |
| 005 - DATE AND TIME OF LATEST TRANSACTION | |
| control field | 20260218110035.0 |
| 008 - FIXED-LENGTH DATA ELEMENTS--GENERAL INFORMATION | |
| fixed length control field | 211013s9999 xx 000 0 und d |
| 020 ## - INTERNATIONAL STANDARD BOOK NUMBER | |
| International Standard Book Number | 978-989-26-1303-1 |
| 024 ## - OTHER STANDARD IDENTIFIER | |
| Standard number or code | 10.14195/978-989-26-1303-1 |
| 042 ## - AUTHENTICATION CODE | |
| Authentication code | dc |
| 245 #4 - TITLE STATEMENT | |
| Title | The Lisbon stock exchange in the twentieth century |
| 260 ## - PUBLICATION, DISTRIBUTION, ETC. | |
| Name of publisher, distributor, etc. | Coimbra University Press |
| Date of publication, distribution, etc. | 2017 |
| 300 ## - PHYSICAL DESCRIPTION | |
| Extent | 1 electronic resource (368 p.) |
| 520 ## - SUMMARY, ETC. | |
| Summary, etc. | This book addresses both domestic and foreign readers, and for thatreason appears in English. Following the survey of history of the LisbonExchange published in 1996 by David Justino, the present text extendsthat medieval period to the Nineteenth century analysis to the presentday. Many other Stock Exchanges in Europe and elsewhere have beenstudied and published by many authors, but no comparable book forPortugal has existed until the present work. The text is accessible tomedium-knowledge readers. In a world of internationalization ofcorporations and financial institutions it is paramount that they beable to mobilize the capacities of the Capital Market to finance theeconomy,and to possess a thorough understanding of the role of a Stock Exchangefor the efficient working of that market. Portugal is a case of greatinterest to developing countries, as it was able to re-instate themarket after 1974, and with such success that the country joined theEuropean Union in 1986 and the innovative Euronext Group of StockExchanges in 2002. The book discloses for the first time a database usedto calculate a share index that was developed over three years with thehelp of the FCT grant PTDC/HISHIS/100132/2008, and using a methodologythat makes that index comparable to common international indices andcompatible with the General Index computeddaily by the Exchange.</p> |
| 540 ## - TERMS GOVERNING USE AND REPRODUCTION NOTE | |
| Terms governing use and reproduction | Creative Commons |
| 653 ## - INDEX TERM--UNCONTROLLED | |
| Uncontrolled term | English |
| 700 1# - ADDED ENTRY--PERSONAL NAME | |
| Personal name | David Justino |
| 700 1# - ADDED ENTRY--PERSONAL NAME | |
| Personal name | Jose Rodrigues da Costa |
| 700 1# - ADDED ENTRY--PERSONAL NAME | |
| Personal name | Maria Eugenia Mata |
| 856 ## - ELECTRONIC LOCATION AND ACCESS | |
| Uniform Resource Identifier | <a href="https://docs.google.com/spreadsheets/d/1yKIrdCPDAG_9c22mwoOIO2DOhtj65Wqa/edit?usp=sharing&ouid=106555315294820607512&rtpof=true&sd=true ">https://docs.google.com/spreadsheets/d/1yKIrdCPDAG_9c22mwoOIO2DOhtj65Wqa/edit?usp=sharing&ouid=106555315294820607512&rtpof=true&sd=true </a> |
| Link text | List of Curated E-Books |
| 942 ## - ADDED ENTRY ELEMENTS (KOHA) | |
| Koha item type | E-Book |
| Withdrawn status | Source of classification or shelving scheme | Damaged status | Not for loan | Home library | Current library | Date acquired | Total Checkouts | Date last seen | Price effective from | Koha item type |
|---|---|---|---|---|---|---|---|---|---|---|
| Library of Congress Classification | Not For Loan | Directory of Open Access Books | Directory of Open Access Books | 12/22/2021 | 12/22/2021 | 12/22/2021 | E-Book |